LEADER 01571nam a2200325 u 4500 001 000000040820 003 CaOOAMICUS 005 20070226114138.0 008 980715s1997 it u000 u ita u 035 $a10799886 040 $aBAV$bita$dPUL(R) 100 1 $aMagnani, Rino,$csac.$0(OLS)http://pul/name/5142 245 10$aNuove prospettive sui principi generali nel sistema delle fonti del Diritto Internazionale /$cRino Magnani. 260 $aRoma :$bPontificia Università Lateranense :$bMursia,$c1997. 300 $a254 p. ;$c24 cm 490 1 $aCorona Lateranensis.$aInstitutum Utriusque Iuris ;$v1 500 $aComprende indici. 502 $aDiss. -- Pontificia Universitas Lateranensis, 1997. 504 $aBibliografia: p. [199]-240. 650 4$aDiritto internazionale$xFonti.$0(OLS)http://pul/subject/18427 710 2 $aPontificia Università Lateranense.$0(OLS)http://pul/name/287 830 0$aCorona Lateranensis.$pInstitutum Utriusque Iuris ;$v1.$0(OLS)http://pul/title/55043 850 $aPUL 852 $aPUL$W1$xSL Religione 2$y84$mTheol A5b 1$j55414$nBK-PRI$b $qStampati altre collocazioni$B55414$CPULBib$Z2$F55414 $H $81 910 $aPontificio Ateneo Lateranense$9287 910 $aPontificio Ateneo Lateranense$9287 941 1 $a10 961 $aINV: 77477 996 $6245$aNuove prospettive sui principi generali nel sistema delle fonti del Diritto Internazionale$9(OLS)http://pul/title/55042 996 $6260$aRoma :$bPontificia Università Lateranense :$bMursia$9(OLS)http://pul/publisher/62146 LEADER 00961nam a2200253 u 4500 001 000000083998 003 CaOOAMICUS 005 20070226124030.0 008 050606s1952 fr ae u000 u fre u 035 $a11048695 040 $aPUL(R)$bita 100 1 $aHutin, Serge,$d1929-$0(OLS)http://pul/name/46512 245 14$aLes sociétés secrètes /$cSerge Hutin. 260 $aParis :$bPUF,$c1952. 300 $a128 p. :$bill., piante, ;$c18 cm 490 1 $aQue sais-je? ;$v515. 504 $aBibliografia: p. 123-125. 650 4$aSocietà segrete.$0(OLS)http://pul/subject/24994 830 0$aQue sais-je? ;$v515.$0(OLS)http://pul/title/1057 850 $aPUL 852 $aPUL$W1$xDP1 Fondo Cecchetti$y53$m268 C 52$j106854$nBK-PRI$b $qFondi$B106854$CPULBib$Z2$F106854 $HPUL2563 $81 941 1 $a1 996 $6245$aLes sociétés secrètes$9(OLS)http://pul/title/109374 996 $6260$aParis :$bPUF$9(OLS)http://pul/publisher/53060